Statistiques concernant Culture Générale - Série 1394

Cliquez ici pour prendre le quiz!

Statistiques générales

  • Ce quiz a été pris 61 fois
  • Le résultat moyen est 5 sur 10

Statistiques - réponses

QuestionRéponse% Correct
Quel mot, issu du verlan, désigne familièrement un policier corrompu ?ripou
95%
Quelle couleur brun clair, tirant sur le verdâtre, est généralement associée aux uniformes militaires ?kaki
95%
Au football, la zone rectangulaire délimitée à 16,50 m de la ligne de but s'appelle surface de...réparation
91%
Quel nouvel organisme est né, de la fusion de l'ANPE et des Assedic ?Pôle emploi
74%
En 1979, quelle chanteuse française interprète le tube "Spacer" avec les B. Devotion ?Sheila
58%
Dans l'oeuvre de Flaubert, quel nom porte l'alter ego de Pécuchet ?Bouvard
28%
Une sculpture de Benvenuto Cellini, visible à la loge des Lanzi à Florence, s'intitule : "Persée avec la tête de...Méduse
26%
De 1624 à 1924, quel nom prit la ville d'Oslo, en l'honneur du roi Christian IV de Danemark ?Christiania
18%
Quel jeu de casse-tête chinois consiste à élaborer des figures, en juxtaposant sept pièces de forme géométrique ?tangram
11%
Dans quel conte philosophique de Voltaire, écrit en 1752, un habitant de Sirius voyage-t-il d'astre en astre ?Micromégas
11%

Distribution des résultats

Percentile par nombre de réponses

% des personnes avec chaque résultat

Votre développement - résultats

Vous n’avez pas pris ce quiz